书目信息 |
| 题名: |
中外出版史例与当代环保出版
|
|
| 作者: | 冯文敏 著 | |
| 分册: | ||
| 出版信息: | 北京 中国文史出版社 2012 |
|
| 页数: | 243页 | |
| 开本: | 24cm | |
| 丛书名: | ||
| 单 册: | ||
| 中图分类: | G239.19 , G230 | |
| 科图分类: | ||
| 主题词: | 出版工作--文化史--世界 , 出版工作--无污染技术--研究 | |
| 电子资源: | ||
| ISBN: | 978-7-5034-3136-4 | |
| 000 | 00847nam0 2200253 450 | |
| 001 | 339382 | |
| 005 | 20150608091330.56 | |
| 010 | @a978-7-5034-3136-4@dCNY48.00 | |
| 100 | @a20120811d2012 em y0chiy50 ea | |
| 101 | 0 | @achi |
| 102 | @aCN@b110000 | |
| 105 | @ay z 000yy | |
| 106 | @ar | |
| 200 | 1 | @a中外出版史例与当代环保出版@Azhong wai chu ban shi li yu dang dai huan bao chu ban@f冯文敏著 |
| 210 | @a北京@c中国文史出版社@d2012 | |
| 215 | @a243页@d24cm | |
| 330 | @a本书内容包括: 中国古代编辑出版史例;中国古代编辑出版研究;中国近现代编辑出版史例;中国近现代编辑出版研究;外国编辑出版史例等。 | |
| 606 | 0 | @a出版工作@x文化史@y世界 |
| 606 | 0 | @a出版工作@x无污染技术@x研究 |
| 690 | @aG239.19@v5 | |
| 690 | @aG230@v5 | |
| 701 | 0 | @a冯文敏@Afeng wen min@c(女, @f1954)@4著 |
| 801 | 0 | @aCN@b卓展宏图@c20150525 |
| 905 | @dG239.19@e66@f4 | |
| 中外出版史例与当代环保出版/冯文敏著.-北京:中国文史出版社,2012 |
| 243页;24cm |
| ISBN 978-7-5034-3136-4:CNY48.00 |
| 本书内容包括: 中国古代编辑出版史例;中国古代编辑出版研究;中国近现代编辑出版史例;中国近现代编辑出版研究;外国编辑出版史例等。 |
| ● |
| 相关链接 |
|
|
|
|
正题名:中外出版史例与当代环保出版
索取号:G239.19/66
 
预约/预借
| 序号 | 登录号 | 条形码 | 馆藏地/架位号 | 状态 | 备注 |
| 1 | 857989 | 208579894 | 第一样本阅览室/ [索取号:G239.19/66] | 在馆 | |
| 2 | 857990 | 208579901 | 第四借阅区/ [索取号:G239.19/66] | 在馆 | |
| 3 | 857991 | 208579910 | 第四借阅区/ [索取号:G239.19/66] | 在馆 | |
| 4 | 857992 | 208579929 | 第四借阅区/ [索取号:G239.19/66] | 在馆 |